000 00289nam a22001337a 4500
008 181024b xxu||||| |||| 00| 0 eng d
020 _a2740330034259
041 _aeng
080 _a820
100 _a21
101 _aGJL
245 _aSubject & Strategy
_cEschholz,P
942 _2udc
_cBK
999 _c50799
_d50799